| 000 | 00671nam a22002177a 4500 | ||
|---|---|---|---|
| 003 | OSt | ||
| 005 | 20220107122849.0 | ||
| 008 | 190530b xxu||||| |||| 00| 0 eng d | ||
| 020 | _a9781788293037 | ||
| 040 | _cIIITMK | ||
| 082 | _a005.133J MOR/J | ||
| 100 |
_aMoraes, Elder _915605 |
||
| 245 |
_aJava EE 8 cookbook: _bBuild reliable applications with the most robust and mature technology for enterprise development _cElder Moraes |
||
| 260 |
_aBirmingham, _bPackt Publishing, _c2018. |
||
| 300 | _aix, 363p. | ||
| 650 |
_aCOMPUTER SCIENCE _915634 |
||
| 650 |
_aCOMPUTER PROGRAMMING _915635 |
||
| 650 |
_aJAVA _915636 |
||
| 650 |
_aJAVA EE 8 _915637 |
||
| 942 |
_2ddc _cBK |
||
| 999 |
_c6466 _d6466 |
||